歴代旧民主党/民主党/民進党/旧国民民主党/立憲民主党/中道改革連合の代表 - Statistics

General Stats
  • This quiz has been taken 45 times
    26 since last reset
  • The average score is 21 of 27
Answer Stats
就任月 備考 % Correct
鳩山由紀夫
100%
菅直人
100%
野田佳彦
100%
枝野幸男
100%
野田佳彦
100%
野田佳彦
95%
玉木雄一郎
90%
斉藤鉄夫
90%
泉健太
85%
同上 共同代表制 鳩山由紀夫
80%
小沢一郎
80%
海江田万里
80%
蓮舫
80%
玉木雄一郎
80%
共同代表制 菅直人
80%
菅直人
75%
鳩山由紀夫
75%
岡田克也
75%
岡田克也
70%
岡田克也
70%
菅直人
65%
前原誠司
60%
菅直人
55%
前原誠司
55%
水岡俊一
45%
大塚耕平
40%
大塚耕平
40%
No matching quizzes found
Score Distribution
Percent of People with Each Score
Percentile by Number Answered
Your Score History
You have not taken this quiz since the last reset